000 00817nam a22002177a 4500
005 20100818141832.0
010 _aENG-100730
020 _c40.00
035 _aEN-84263
037 _bDBAD/PUB
082 _a615.321
100 _aReddy A.V.G
_915193
245 _aHerbology /
_b
_cby A.V.G Reddy [and] V.Sasirekha
260 _aChennai
_bDhanvandri Herbels
_c2003
270 _a4, Duraisamy Raja Street Arumbakam
_bChennai
_e600106
300 _av.2 (104p)
_c22cm (pbk)
505 _av.2- 980 Herbals and their uses by nature cure, herbal cure and diet cure specialists
700 _aSasirekha, V.
_93148
942 _2ddc
_cEN
_h615.321
_mRED
999 _c42421
_d42421